LEADER 02027nam2 22004213i 450 001 LO10772966 005 20231121125523.0 100 $a20110228d1997 ||||0itac50 ba 101 | $alat 102 $abe 181 1$6z01$ai $bxxxe 182 1$6z01$an 200 1 $a˜11.1: œSancti Aurelii Augustini Sermones de vetere Testamento$eid est Sermones 1.-50. secundum ordinem vulgatum, insertis etiam novem sermonibus post Maurinos repertis$frecensuit Cyrillus Lambot 205 $aEditio altera 210 $aTurnholti$cBrepols$d1997 215 $aXXXV, 658 p.$d26 cm. 461 1$1001MIL0061141$12001 $aAurelii Augustini Opera$v11.1 517 1 $aSermones de Vetere Testamento.$9MIL0062159 700 1$aAugustinus$b, Aurelius$c $3CFIV004595$4070$0152280 702 1$aLambot$b, Cyrille$3MILV043655 790 0$aAugustinus Aurelius$c $3BVEV021814$zAugustinus, Aurelius 790 0$aAgostino : d'Ippona$c $3CFIV013519$zAugustinus, Aurelius 790 1$aAgostino$b, Aurelio$c $3CFIV030601$zAugustinus, Aurelius 790 0$aAugustinus : von Hippo$c $3CFIV130059$zAugustinus, Aurelius 790 0$aAurelio Agostino$c $3CFIV137762$zAugustinus, Aurelius 790 0$aAgostino$c $3CFIV157151$zAugustinus, Aurelius 790 0$aAgostino$3CFIV211414$zAugustinus, Aurelius 790 0$aAugustinus : Hipponensis$c $3RMLV215613$zAugustinus, Aurelius 790 1$aLambot$b, Cyril$3BVEV260193$zLambot, Cyrille 790 1$aLambot$b, Cyrillus$3SBLV071012$zLambot, Cyrille 801 3$aIT$bIT-01$c20110228 850 $aIT-FR0017 899 $aBiblioteca umanistica Giorgio Aprea$bFR0017 912 $aLO10772966 950 2$aBiblioteca umanistica Giorgio Aprea$d 52CC.SL. 41$e 52FLS0000129715 VMN RS $fA $h20160204$i20160204 977 $a 52 996 $aSancti Aurelii Augustini Sermones de vetere Testamento$93608579 997 $aUNICAS